Normal view
MARC view
Entry Topical Term
001 - CONTROL NUMBER
- control field: 702839
003 - CONTROL NUMBER IDENTIFIER
- control field: OSt
005 - DATE AND TIME OF LATEST TRANSACTION
- control field: 20221007101313.0
008 - FIXED-LENGTH DATA ELEMENTS
- fixed length control field: 221007|| aca||aabn | a|a d
040 ## - CATALOGING SOURCE
- Original cataloging agency: OSt
- Transcribing agency: OSt
150 ## - HEADING--TOPICAL TERM
- Topical term or geographic name entry element: COTRACT ACT
670 ## - SOURCE DATA FOUND
- Source citation: Work cat.: (OSt)1175777: JAIN J D 686148, Indian Contract Act., 1974
